La política religiosa en España (Record no. 24435)

MARC details
000 -LEADER
campo de control de longitud fija 00479nam a2200157 i 4500
001 - NÚMERO DE CONTROL
campo de control 24435
003 - IDENTIFICADOR DE NÚMERO DE CONTROL
campo de control ES-MaACL
007 - CAMPO FIJO DE DESCRIPCIÓN FÍSICA--INFORMACIÓN GENERAL
campo de control de longitud fija t|
008 - DATOS DE LONGITUD FIJA--INFORMACIÓN GENERAL
campo de control de longitud fija 021217s1975 sp ||||1| spa d
100 1# - ENTRADA PRINCIPAL--NOMBRE DE PERSONA
Nombre de persona Andrés-Gallego, José,
Fechas asociadas al nombre 1944-
9 (RLIN) 21605
245 13 - MENCIÓN DEL TÍTULO
Título La política religiosa en España
Resto del título : 1889-1913 /
Mención de responsabilidad, etc. José Andrés-Gallego.
260 ## - PUBLICACIÓN, DISTRIBUCIÓN, ETC.
Lugar de publicación, distribución, etc. Madrid :
Nombre del editor, distribuidor, etc. Editora Nacional,
Fecha de publicación, distribución, etc. [1975]
300 ## - DESCRIPCIÓN FÍSICA
Extensión 519 p. ;
Dimensiones 21 cm.
852 ## - LOCALIZACIÓN
Ubicación ES-MaACL
Número de control de estantería E-8588
Sublocalización o colección R.92787
Holdings
Estatus retirado Estado de pérdida Estado de daño No para préstamo Biblioteca de origen Biblioteca actual Ubicación en estantería Fecha de adquisición Fuente de adquisición Total de préstamos Signatura topográfica completa Código de barras Visto por última vez Precio de reemplazo Tipo de ítem Koha
        Biblioteca del Ateneo de Madrid Biblioteca del Ateneo de Madrid Depósito 2 17/01/2008     E-8588 1025195 23/02/2023 23/02/2023 Libro impreso